00000000nam##2200000za#4500
0019.616944
003CaOODSP
00520210615101853
007ta
008150406|2004||||xxc|||||     f|0| 0 eng|d
022 |a0706-6457
040 |aCaOODSP|beng
043 |an-cn---
0861 |aFs97-6/2540E
1101 |aCanada. |bDepartment of Fisheries and Oceans.
24510|aQuantitative marine-performance evaluation of a Newfoundland Atlantic salmon strain for Bay d'Espoir aquaculture / |cby V.A. Pepper et al.
260 |aOttawa - Ontario : |bFisheries and Oceans Canada |c2004.
300 |avii, 44p. : |bfigs. (some coloured), references, tables ; |c28 cm.
4901 |aCanadian technical report of fisheries and aquatic sciences|x0706-6457|v2540
500 |a"Science, Oceans and Environment Branch, Department of Fisheries and Oceans, P.O. Box 5667, St. John's NL A1C 5X1"--Cover.
5203 |aThis report is part of a series containing scientific and technical information that widens existing scientific knowledge but is not considered appropriate for publication in the primary literature. The research covers such subjects as ecosystem models, methods for enhancing aquaculture, commercial fishing equipment, and environmental threats to aquatic quality and fisheries resources. Includes tables, graphs, and charts.
546 |a(Résumé en français.)
563 |aSoftcover
590 |a04-26|b2004-06-25
7760#|tQuantitative marine-performance evaluation of a Newfoundland Atlantic salmon strain for Bay d'Espoir aquaculture / |w(CaOODSP)9.574122
830#0|aCanadian technical report of fisheries and aquatic sciences,|x0706-6457|v2540|w(CaOODSP)9.514691